书目信息 |
| 题名: |
电化学扫描隧道显微术及其应用
|
|
| 作者: | 万立骏 著 | |
| 分册: | ||
| 出版信息: | 北京 科学出版社 2015.01 |
|
| 页数: | 13,296页,[4]页图版 | |
| 开本: | 24cm | |
| 丛书名: | 纳米科学与技术 | |
| 单 册: | ||
| 中图分类: | Q-336 | |
| 科图分类: | ||
| 主题词: | 电化学--扫描电子显微术--研究 | |
| 电子资源: | ||
| ISBN: | 978-7-03-042826-4 | |
| 000 | 01033oam2 2200289 450 | |
| 001 | 0120151544159 | |
| 005 | 20170405085114.32 | |
| 010 | @a978-7-03-042826-4@dCNY150.00,CNY12000.00(全80册) | |
| 100 | @a20150413d2015 em y0chiy50 ea | |
| 101 | 0 | @achi |
| 102 | @aCN@b110000 | |
| 105 | @aaf z 000yy | |
| 106 | @ar | |
| 200 | 1 | @a电化学扫描隧道显微术及其应用@9dian hua xue sao miao sui dao xian wei shu ji qi ying yong@f万立骏著 |
| 205 | @a2版 | |
| 210 | @a北京@c科学出版社@d2015.01 | |
| 215 | @a13,296页,[4]页图版@c图@d24cm | |
| 225 | 2 | @a纳米科学与技术@v4 |
| 300 | @a国家出版基金项目 | |
| 330 | @a本书力图将此技术系统介绍给国内广大科学工作者,以期解决更多的现代科学研究中的问题。主要内容包括:电化学扫描隧道显微术;电极制备及常用的电化学研究方法等。 | |
| 333 | @a纳米科学与技术相关读者 | |
| 461 | 0 | @12001 @a纳米科学与技术@v4 |
| 606 | 0 | @a电化学@x扫描电子显微术@x研究 |
| 690 | @aQ-336@v5 | |
| 701 | 0 | @a万立骏@9wan li jun@f(1957-)@4著 |
| 801 | 0 | @aCN@b人天书店@c20150413 |
| 905 | @b983667-69@dQ-336@e77=2@f3 | |
| 电化学扫描隧道显微术及其应用/万立骏著.-2版.-北京:科学出版社,2015.01 |
| 13,296页,[4]页图版:图;24cm.-(纳米科学与技术;4) |
| 国家出版基金项目.-使用对象:纳米科学与技术相关读者 |
| ISBN 978-7-03-042826-4:CNY150.00,CNY12000.00(全80册) |
| 本书力图将此技术系统介绍给国内广大科学工作者,以期解决更多的现代科学研究中的问题。主要内容包括:电化学扫描隧道显微术;电极制备及常用的电化学研究方法等。 |
| ● |
| 相关链接 |
|
|
|
|
正题名:电化学扫描隧道显微术及其应用
索取号:Q-336/77=2
 
预约/预借
| 序号 | 登录号 | 条形码 | 馆藏地/架位号 | 状态 | 备注 |
| 1 | 983667 | 209836677 | 第二样本阅览室/ [索取号:Q-336/77=2] | 在馆 | |
| 2 | 983668 | 209836686 | 密集书库-生命科学系/ [索取号:Q-336/77=2] | 在馆 | |
| 3 | 983669 | 209836695 | 第三借阅区/ [索取号:Q-336/77=2] | 在馆 |